Lovely pictures and portraits of British queens - Statistics

General Stats
  • This quiz has been taken 53 times
  • The average score is 9 of 10
Answer Stats
Picture Answer % Correct
Queen Elizabeth I
100%
Queen Elizabeth I
100%
Queen Elizabeth I
100%
Queen Elizabeth II
100%
Queen Elizabeth II
100%
Queen Elizabeth II
100%
Queen Elizabeth II
100%
Queen Elizabeth II
100%
Queen Victoria
92%
Queen Mary II
4%
No matching quizzes found
Score Distribution
Percent of People with Each Score
Percentile by Number Answered
Your Score History
You have not taken this quiz